Colección para educadores (Registro nro. 215)

Detalles MARC
000 -Cabecera
Campo de control interno 01579nam a2200241Ia 4500
005 - Fecha y hora del registro
control field 20251203123019.0
008 - Elementos de Longitud Fija
fixed length control field 251203t2005||||xx |||||||||||||| ||spa||
020 ## - ISBN
ISBN 9972205339
041 ## - Idioma
Codigo Idioma ESP
082 ## - DEWEY y NOTACIÓN INTERNA
Dewey RO 370
Notación Interna O61
110 ## - AUTOR INSTTITUCIONAL
Autor Institucional Orbis Ventures
245 #0 - TÍTULO DE MATERIAL BIBLIOGRÁFICO
Título Colección para educadores
Título paralelo Tomos 1-14
250 ## - EDICIÓN
Edición Primera edición
260 ## - CIUDAD, EDITORIAL, AÑO
Ciudad Lima :
Nombre de la Editorial Orbis Ventures,
Año 2005
300 ## - DESCRIPCIÓN
N° Páginas 196 páginas :
Otros detalles ilustraciones, diagramas ;
Dimensiones 22 cm.
Material Adicional
440 ## - MENCIÓN DE SERIE
Título de la Serie
Número de Serie
Volumen de Serie
505 ## - TABLA DE CONTENIDO
Tabla de Contenido Contiene: Tomo 1: Potenciar la capacidad de aprender a aprender.- Tomo 2: Propuestas de intervención en el aula: técnicas para lograr un clima favorable en la clase.- Tomo 3: Las inteligencias múltiples: cómo estimularlas y desarrollarlas.- Tomo 4: Clarificación de valores y desarrollo humano: estrategias para la escuela.- Tomo 5: Educar jugando.- Tomo 6: Autoestima para niños: juegos, actividades, recursos, experiencias creativas…. – Tomo 7: Escuela sin violencia: resolución de conflictos. - Tomo 8: Estrategias para el desarrollo de los temas transversales del currículum.- Tomo 9: Psicología del desarrollo: el mundo del adolescente.- Tomo 10: Aprendiendo juntos.- Tomo 11: La solución de conflictos en la escuela: una guía práctica para maestros.- Tomo 12: El juego educativo: iniciación a la actividad intelectual y motriz.- Tomo 13: La evaluación educativa, su práctica y otras metáforas.- Tomo 14: Conductas de acoso y amenazas entres escolares.
650 ## - TEMAS
Temas Ciencias Sociales
653 ## - DESCRIPTORES
Lenguajes no controlado Educación
654 ## - PROGRAMAS
Programa Dpto. de Educación
942 ## - ELEMENTOS DE KOHA
Tipo de documento Libro
Nombre del creador Justo Noguera
Código de catalogador Margarita Torres
Esquema de clasificación Dewey Decimal Classification
Suppress in OPAC
Existencias
Codigo completo Registro Colección Copia número Disponibilidad Tipo de préstamo Biblioteca Actual Procedencia (Biblioteca) Ubicacón Fecha Ingreso Tipo de Adquisición Date last seen Total checkouts Price effective from Tipo de Item Estado del Material Fuente de Clasificación Damaged status Withdrawn status
RO 370 O61 1085086 Colección Vera Bejar 1   Restringido Víctor Andrés Belaunde Víctor Andrés Belaunde Planta baja cerrada 03/12/2025 Donación 03/12/2025   03/12/2025 Libro Bueno Dewey Decimal Classification   Withdrawn